ALL Maisie Peters Songs as of March 2024 - Statistics

General Stats
  • This quiz has been taken 31 times
  • The average score is 45 of 73
Answer Stats
Album Track # Answer % Correct
The Good Witch (Deluxe) 16 Holy Revival
92%
The Good Witch (Deluxe) 1 The Good Witch
92%
The Good Witch (Deluxe) 21 The Last One
92%
Singles/Other Blonde
88%
The Good Witch (Deluxe) 2 Coming Of Age
88%
The Good Witch (Deluxe) 19 Guy On A Horse
88%
The Good Witch (Deluxe) 15 History Of Man
88%
The Good Witch (Deluxe) 17 Yoko
88%
You Signed Up For This 1 You Signed Up For This
88%
You Signed Up For This 8 Hollow
83%
The Good Witch (Deluxe) 7 You're Just A Boy (And I'm Kinda The Man)
83%
The Good Witch (Deluxe) 4 Body Better
79%
You Signed Up For This 3 John Hughes Movie
79%
Singles/Other Not Another Rockstar
79%
The Good Witch (Deluxe) 8 Lost The Breakup
75%
You Signed Up For This 4 Outdoor Pool
75%
The Good Witch (Deluxe) 14 There It Goes
75%
The Good Witch (Deluxe) 9 Wendy
75%
Singles/Other Cate's Brother
71%
You Signed Up For This 2 I'm Trying (Not Friends)
71%
The Good Witch (Deluxe) 6 The Band And I
71%
The Good Witch (Deluxe) 18 The Song
71%
You Signed Up For This 13 Volcano
71%
The Good Witch (Deluxe) 3 Watch
71%
You Signed Up For This 10 Brooklyn
67%
You Signed Up For This 6 Psycho
67%
Singles/Other The List
67%
You Signed Up For This 9 Villain
67%
You Signed Up For This 7 Boy
63%
You Signed Up For This 11 Elvis Song
63%
Dressed Too Nice For A Jacket (EP) 1 In My Head
63%
It's Your Bed Babe, It's Your Funeral 1 This Is On You
63%
The Good Witch (Deluxe) 11 Two Weeks Ago
63%
Dressed Too Nice For A Jacket (EP) 5 You To You
63%
It's Your Bed Babe, It's Your Funeral 4 April Showers
58%
The Good Witch (Deluxe) 12 BSC
58%
Trying: Season 2 (Apple TV+ Original Series Soundtrack) 8 Glowing Review
58%
Singles/Other Good Enough
58%
You Signed Up For This 5 Love Him I Don't
58%
It's Your Bed Babe, It's Your Funeral 3 Take Care Of Yourself
58%
The Good Witch (Deluxe) 13 Therapy
58%
The Good Witch (Deluxe) 5 Want You Back
58%
Singles/Other Worst Of You
58%
It's Your Bed Babe, It's Your Funeral 2 Adore You
54%
Dressed Too Nice For A Jacket (EP) 4 Architecture
54%
Singles/Other Birthday
54%
Trying: Season 2 (Apple TV+ Original Series Soundtrack) 3 Funeral
54%
The Good Witch (Deluxe) 10 Run
54%
Singles/Other The Place We Were Made
54%
You Signed Up For This 14 Tough Act
54%
Singles/Other Favourite Ex
50%
Dressed Too Nice For A Jacket (EP) 6 Feels Like This
50%
It's Your Bed Babe, It's Your Funeral 6 Personal Best
50%
You Signed Up For This 12 Talking To Strangers
50%
The Good Witch (Deluxe) 20 Truth Is
50%
Singles/Other Daydreams
46%
Dressed Too Nice For A Jacket (EP) 2 Details
46%
Dressed Too Nice For A Jacket (EP) 3 Enough For You
46%
Trying: Season 2 (Apple TV+ Original Series Soundtrack) 6 I Want You To Change (Because You Want To Change)
46%
It's Your Bed Babe, It's Your Funeral 5 Look At Me Now
46%
Singles/Other Sad Girl Summer
46%
Singles/Other Stay Young
46%
Trying: Season 2 (Apple TV+ Original Series Soundtrack) 7 The Party
46%
Singles/Other Best I'll Ever Sing
42%
Trying: Season 2 (Apple TV+ Original Series Soundtrack) 5 Happy Hunting Ground
42%
Trying: Season 2 (Apple TV+ Original Series Soundtrack) 4 Helicopter
42%
Trying: Season 2 (Apple TV+ Original Series Soundtrack) 2 Milhouse
42%
Trying: Season 2 (Apple TV+ Original Series Soundtrack) 9 Lunar Years
38%
Singles/Other Maybe Don't (feat. JP Saxe)
38%
Singles/Other Smile
38%
Trying: Season 2 (Apple TV+ Original Series Soundtrack) 1 Neck Of The Woods
33%
Singles/Other Together This Christmas
25%
Singles/Other Song You'll Never Hear
21%
No matching quizzes found
Score Distribution
Percent of People with Each Score
Percentile by Number Answered
Your Score History
You have not taken this quiz